00370nam a2200133Ia 4500003000400000008004100004020002300045040000800068100002000076245008500096260002900181300001500210365001100225LDD181029s9999 xx 000 0 und d a067005870Xc450.00 cLDD aFernandes, Edna 0aHoly Warriorsba journey into the heart of Indian fundamentalismcEdna Fernandes aNew DelhibPenguinc2006 axxiii, 316 b450.00